V súčasnosti je rozumné obzerať sa po investíciách. S Igorom Vidom o bankovom sektore a riadení banky v kríze
Rozhovor s Igorom Vidom o bankovom sektore a riadení banky v kríze. Bankový trh. Banky a kríza. Mincová hystéria. Voľný čas.
Enregistré dans:
| Auteur principal: | |
|---|---|
| Format: | Chapitre de livre |
| Langue: | slovaque |
| Sujets: | |
| Tags: |
Pas de tags, Soyez le premier à ajouter un tag!
|
MARC
| LEADER | 00000naa$a2200000$$$4500 | ||
|---|---|---|---|
| 001 | 0093580 | ||
| 005 | 20240502072037.0 | ||
| 041 | 0 | |a slo | |
| 044 | |a SK | ||
| 245 | 1 | 0 | |a V súčasnosti je rozumné obzerať sa po investíciách. S Igorom Vidom o bankovom sektore a riadení banky v kríze |c Pavel Škriniar |
| 520 | |a Rozhovor s Igorom Vidom o bankovom sektore a riadení banky v kríze. Bankový trh. Banky a kríza. Mincová hystéria. Voľný čas. | ||
| 610 | 2 | 0 | |a bankovníctvo |
| 610 | 2 | 0 | |a kríza hospodárska |
| 610 | 2 | 0 | |a riadenie |
| 610 | 2 | 0 | |a peniaze |
| 100 | 1 | |a Škriniar, Pavel, 1979- | |